Asian-African Conference - Statistics

General Stats
  • This quiz has been taken 9 times
  • The average score is 18 of 29
Answer Stats
Country % Correct
Egypt
89%
Saudi Arabia
89%
Iran
78%
Libya
78%
Syria
78%
Afghanistan
67%
China
67%
Ethiopia
67%
India
67%
Indonesia
67%
Iraq
67%
Japan
67%
Jordan
67%
Lebanon
67%
Pakistan
67%
Srilanka
67%
Sudan
67%
Thailand
67%
Turkey
67%
Cambodia
56%
Myanmar
56%
Nepal
56%
Philippines
56%
Laos
44%
Liberia
44%
South Vietnam
44%
Yemen
44%
Cyprus
22%
North Vietnma
0%
No matching quizzes found
Score Distribution
Percent of People with Each Score
Percentile by Number Answered
Your Score History
You have not taken this quiz